[Event "Automne 2017"]
[Site "Gatineau"]
[Date "2017.11.14"]
[Round "3"]
[White "Seguin Hubert"]
[Black "Danilov Alex"]
[Result "0-1"]
[BlackElo "1688"]
[EventDate "2017.11.14"]
[WhiteElo "1610"]

1.e4 c5 2.Nc3 e6 3.g3 Nc6 4.Bg2 Qc7 5.Nf3 a6 6.d4 cxd4 7.Nxd4 Nxd4 $6 ( 
7...Nf6 8.O-O Be7 ) 8.Qxd4 Nf6 9.e5 Bc5 10.Qf4 Nh5 11.Qg5 g6 12.f4 $11 ( 
12.O-O $14 ) 12...Rb8 13.Bd2 Be7 ( 13...b5 $11 ) 14.Qg4 b5 $11 15.O-O-O Bb7
16.Qe2 b4 17.Ne4 Rc8 ( 17...f5 $11 ) 18.Be3 $11 Qa5 $2 ( 18...Ng7 $14 )
19.Qd2 ( 19.Nd6+ Bxd6 20.Bxb7 b3 21.Qxa6 Rxc2+ 22.Kb1 $18 Qb6 ( 22...Ba3
23.Bd4 Qxa6 24.Bxa6 Bb4 25.Rd3 Rc6 26.Rxb3 ) ) 19...Bd5 20.Qd4 $2 ( 20.Nd6+
$14 ) 20...O-O $19 21.Nf6+ $143 ( 21.Bf3 $142 ) 21...Nxf6 22.exf6 Bc5 ( 
22...b3 $142 ) 23.Qd2 Bxg2 ( 23...Qxa2 24.Qf2 Bxe3+ 25.Qxe3 b3 26.c3 Bxg2 )
24.Bxc5 Qxa2 ( 24...Rxc5 $142 ) 25.Qxg2 Rxc5 26.Rxd7 Qa1+ ( 26...b3 $142 )
27.Kd2 Qxb2 28.Qe4 b3 29.Rc1 Rd5+ ( 29...Rfc8 $142 ) 30.Rxd5 exd5 31.Qxd5
Qxf6 32.Qxb3 Rd8+ 33.Ke2 Qc6 34.c4 ( 34.Kf2 $142 ) 34...Qe4+ ( 34...Qg2+ $142
) 35.Qe3 Qg2+ 36.Qf2 ( 36.Ke1 a5 { etc. } ) 36...Re8+ 0-1

[Event "Automne 2017"]
[Site "Gatineau"]
[Date "2017.11.14"]
[Round "3"]
[White "Simard Paul"]
[Black "Lepine Louis"]
[Result "1-0"]
[BlackElo "1042"]
[EventDate "2017.11.14"]
[WhiteElo "1207"]

1.d4 d5 2.c4 Nf6 3.e3 e6 4.Nf3 Bd6 5.Nc3 O-O 6.c5 Be7 7.Be2 c6 8.O-O Nbd7
9.b4 Ng4 10.h3 Nh6 11.Bd3 Nf6 12.Ne5 Nf5 13.e4 dxe4 14.Bxe4 Nxd4 15.Be3 Nf5
16.Bxf5 exf5 17.a4 Qc7 18.Bf4 Rd8 19.Qe2 b6 20.cxb6 axb6 21.Qc4 Be6 22.Qxc6
Bd6 23.Nb5 Qb8 24.Rfd1 Ne4 25.Qc2 Rc8 26.Qb2 Rd8 27.Nc6 Qb7 28.Nxd8 Rxd8
29.Bxd6 Nxd6 30.Rxd6 Rxd6 31.Nxd6 Qc6 32.Nb5 Bd5 33.Rd1 f4 34.f3 Qc4 35.Kh1
g5 36.Re1 Be6 37.Qe5 h6 38.Nc7 g4 39.Nxe6 Qxe6 40.Qxe6 fxe6 41.Rxe6 gxh3
42.gxh3 Kf7 43.Rxh6 1-0

[Event "Automne 2017"]
[Site "Gatineau"]
[Date "2017.11.14"]
[Round "3"]
[White "Legare Gilles"]
[Black "Lecorre Joel"]
[Result "0-1"]
[BlackElo "1477"]
[EventDate "2017.11.14"]
[WhiteElo "1098"]

1.e4 d5 2.exd5 Qxd5 3.Nf3 Nf6 4.c4 Qd8 5.Be2 Bg4 6.O-O e6 7.Nc3 c6 8.d3 Bd6
9.Bg5 h6 10.Bh4 Nbd7 11.Re1 Qc7 12.Bg3 O-O 13.Bxd6 Qxd6 14.Nd2 Bf5 15.Nf3
Rfd8 16.d4 a5 17.Bd3 Bg4 18.Be2 g5 19.g3 Qb4 20.Qd2 Bxf3 21.a3 Qb3 22.Bxf3
Qxc4 23.Rac1 Qa6 24.h4 Nh7 25.Qe3 Re8 26.h5 Nhf6 27.Ne4 Nxe4 28.Qxe4 Qb5
29.Qc2 Rac8 30.Be2 Qd5 31.Rcd1 f5 32.Qc3 b5 33.Bf3 Qc4 34.Qd2 Qb3 35.Bg2 b4
36.axb4 Qxb4 37.Qe2 Nf6 38.f3 Nxh5 39.Kh2 Nf6 40.Qe5 Kf7 41.Rf1 Qb5 42.Qe1 a4
43.g4 f4 44.Qc3 Nd5 45.Qc2 Kg7 46.Qe4 Ne3 47.d5 exd5 ( 47...Qe2 48.Qd4+ Kg8
49.Qxe3 fxe3 50.d6 Rcd8 51.Rd4 Qxb2 52.Re4 a3 53.Kg1 Rxd6 54.f4 Rd2 55.Bf3
gxf4 ) 48.Qd4+ Kf7 49.Rfe1 c5 50.Qd2 Qb4 51.Qd3 Kg7 52.Rb1 Qc4 53.Qd2 Qc2
54.Qc3+
{ Distraits, les noirs qui sont en échec jouent un coup illégal: Dxg2. Ils
sont forcés (pièce touchée pièce jouée) de jouer Dxc3 plutôt que d4 qui
aurait été plus avantageux } 54...Qxc3 55.bxc3 Nxg2 56.Rb7+ Kf8 57.Ra1 Ne3
58.Rxa4 Nc4 59.Raa7 Nd6 60.Rh7 Re2+ 61.Kg1
{ Ici, Gilles laisse filer la nulle 62.Tag7 Rf8 63. Ta7 } 61...Kg8 62.Rxh6
Nf7 63.Rb6 Rce8 64.Rb1 d4 65.Kf1 d3 66.Rbb7 Re1+ 67.Kg2 R8e2+ 68.Kh3 Rh1#
0-1

[Event "Automne 2017"]
[Site "Gatineau"]
[Date "2017.11.07"]
[Round "2"]
[White "Danilov Alex"]
[Black "Desjardins Michel"]
[Result "0-1"]
[BlackElo "1925"]
[EventDate "2017.11.07"]
[WhiteElo "1688"]

1.Nf3 d5 2.c4 d4 3.d3 c5 4.g3 Nc6 5.Bg2 e5 6.O-O Nf6 7.Na3 Bd6 8.e3 O-O
9.exd4 exd4 10.Nc2 Bg4 11.h3 Bf5 12.Nh4 Bd7 13.a3 a5 14.Bd2 a4 15.Rb1 Ra7
16.Re1 Re8 17.Rxe8+ Qxe8 18.Qf3 Ne5 19.Qe2 b5 20.f4 Ng6 21.Qxe8+ Nxe8 22.Nxg6
hxg6 23.Ne1 bxc4 24.dxc4 Bf5 25.Rd1 Nf6 26.Nf3 Ne4 27.Be1 Re7 28.g4 Bc8
29.Ng5 Nxg5 30.fxg5 Re2 31.Bc6 Rxb2 32.Bxa4 Ra2 33.Rd3 Bb7 34.Bd1 Bh2+ 0-1

[Event "Automne 2017"]
[Site "Gatineau"]
[Date "2017.11.07"]
[Round "2"]
[White "Jobin Gilles G."]
[Black "Guimond Michel"]
[Result "1/2-1/2"]
[BlackElo "1897"]
[EventDate "2017.11.07"]
[WhiteElo "1792"]

1.e4 e6 2.b3 d5 3.Bb2 d4 4.Nf3 c5 5.Bb5+ Bd7 6.Bxd7+ Nxd7 7.d3 Bd6 8.Qe2 Qc7
9.Nbd2 Ne7 10.Nc4 Nc6 11.Nxd6+ Qxd6 12.O-O O-O 13.Bc1 f5 14.Re1 fxe4 15.Qxe4
Rae8 16.Ng5 Nf6 17.Qh4 e5 18.Ne4 Nxe4 19.Qxe4 Nb4 20.Qe2 Rf5 21.g4 Rff8 22.a3
Nd5 23.Bd2 Qd7 24.Rac1 Rf7 25.f3 Ref8 26.Rf1 h5 ( 26...Rxf3 27.Rxf3 Qxg4+
28.Kf2 Qh4+ 29.Kf1 Qh3+ 30.Kf2 Qh4+ $10 ) 27.Qg2 hxg4 28.Qxg4 Qc6 29.Qe4 Qe6
30.Rce1 Rf6 31.Qxe5 Qf7 32.Re4 Nc7 33.Bg5 Rxf3 1/2-1/2

[Event "Automne 2017"]
[Site "Gatineau"]
[Date "2017.11.07"]
[Round "2"]
[White "Raymond Daniel"]
[Black "Rioux Jocelyn"]
[Result "0-1"]
[BlackElo "1583"]
[EventDate "2017.11.07"]
[WhiteElo "1816"]

1.e4 e6 2.d4 d5 3.Nd2 c5 4.exd5 Qxd5 5.Ngf3 cxd4 6.Bc4 Qd8 7.Nb3 Bb4+ 8.Bd2
Bxd2+ 9.Qxd2 Nc6 10.O-O-O Nf6 11.Nfxd4 Nxd4 12.Nxd4 e5 13.Rhe1 O-O 14.Rxe5
Qc7 15.Qe2 Ng4 16.Re4 Nxf2 17.Nb5 Qb6 18.Rd6 Qc5 19.Re5 Nd3+ 20.Bxd3 Qg1+
21.Kd2 Qxh2 22.Rh5 Qf4+ 23.Qe3 Qb4+ 24.Kd1 Bg4+ 25.Kc1 Bxh5 26.c3 Qg4 27.Bc2
Rae8 28.Qd2 Re2 29.Qd3 Re1+ 30.Bd1 Rxd1+ 31.Qxd1 Qxd1+ 32.Rxd1 Bxd1 33.Kxd1
a6 34.Nd4 Re8 35.b4 Re3 36.Kd2 Rg3 0-1

[Event "Automne 2017"]
[Site "Gatineau"]
[Date "2017.11.07"]
[Round "2"]
[White "Masse-Garneau Anthony"]
[Black "Simard Paul"]
[Result "1-0"]
[BlackElo "1207"]
[EventDate "2017.11.07"]
[WhiteElo "1440"]

{ D26: Gambit Dame accepté (avec 4...e6) } 1.d4 d5 2.c4 dxc4 3.e3 e6 4.Bxc4
Nf6 5.Nf3 { dernier coup de la bibliothèque } 5...Nc6 6.O-O b6 7.Nc3 Bb7
8.Bb5 a6 9.Bxc6+ Bxc6 { Les Noirs ont la paire de Fous } 10.Ne5
{ Les Blancs menacent un gain matériel: Ce5xc6 } 10...Bb7 11.Qa4+ Nd7
12.Qxd7+ Qxd7 13.Nxd7 Kxd7 { Les Noirs perdent le droit au roque } 14.Bd2 Be7
15.Rac1 f5 16.f3 { Contrôle e4 } 16...Rad8 17.Nd1 g5 18.Nf2 Rhg8 19.Nd3 Bd6
20.Bb4 a5 21.Bxd6 cxd6 22.Rc3 Ba6 23.Rfc1 Rc8 24.Rxc8 Rxc8 25.Rxc8 Kxc8
{ Une finale de pièces mineures est obtenue } 26.Nf2 Bc4 27.a3 h5 ( 27...Kd7
$142 $11 { est la meilleure option qu'ont les Noirs. } ) 28.Nh3 $16 g4 29.Nf4
gxf3 30.gxf3 h4 31.Ng6 h3 32.Kf2 b5 ( 32...Kd8 33.Nf4 $16 ) 33.Nf4 ( 33.Kg3
Bf1 $18 ) 33...e5 ( 33...Kd8 34.e4 $16 ) 34.dxe5 $18 dxe5 35.Nxh3 Kd7 36.Kg3
( 36.f4 $18 ) 36...Be6 $2 ( 36...Ke7 $5 $16 ) 37.Kh4 ( 37.f4 $142 Kd6 38.Kh4
$18 ) 37...f4 $4 { confirme simplement la situation. } ( 37...Ke7 $142 $18 )
38.exf4 Bxh3 ( 38...Kd6 { il n'y a rien de mieux dans la position. } 39.Ng5
Bc8 40.Nf7+ Ke7 41.Nxe5 Kf6 $18 ) 39.Kxh3 exf4 40.Kg4 Kc6 41.Kxf4 ( 41.h4
{ peut être le plus court chemin. } 41...a4 $18 ) 41...Kc5
{ les Noirs préparent l'avancée en b4. } 42.h4 Kc4 43.h5 Kb3 44.h6 b4 45.h7
Kxb2 ( 45...Kc4
{ un essai stérile qui ne modifie pas le cours de la partie. } 46.axb4 Kxb4
47.h8=Q Kc5 48.Ke4 Kd6 49.Qe5+ Kc6 50.Kd4 Kb6 51.Qd6+ Kb7 52.Kc5 a4 53.Qe7+
Ka6 54.Qc7 a3 55.Qb6# ) 46.axb4 axb4 ( 46...Kc1 { ne mène pas au salut. }
47.h8=Q Kc2 48.b5 a4 49.b6 Kd2 50.Qd4+ Ke1 51.Qe3+ Kd1 52.b7 Kc2 53.b8=Q a3
54.Qbb3# ) 47.h8=Q+ Ka3 ( 47...Ka2 { n'aide pas beaucoup. } 48.Ke4 Kb1 49.Kd3
Ka2 50.Kc2 b3+ 51.Kc3 b2 52.Qh2 Ka3 53.Qxb2+ Ka4 54.Qb4# ) 48.Qa8+ Kb3 49.Ke3
Kc3 ( 49...Kc4 { n'améliore vraiment rien. } 50.Qc6+ Kb3 51.Kd2 Kb2 52.Qc4 b3
53.Qc1+ Ka2 54.Kc3 b2 55.Qxb2# ) 50.Qc6+ Kb3 51.Kd2 ( 51.Kd3 Kb2 52.Kd2 Ka2
53.Qc4+ b3 54.Kc3 Kb1 55.Qxb3+ Kc1 56.Qc2# ) 51...Ka3 52.Kc2 b3+ 53.Kc3 Ka2
54.Qa4+ Kb1 55.Qxb3+ 1-0

[Event "Automne 2017"]
[Site "Gatineau"]
[Date "2017.11.07"]
[Round "2"]
[White "Sabourin Yves"]
[Black "Bastien Andre"]
[Result "0-1"]
[BlackElo "1802"]
[EventDate "2017.11.07"]
[WhiteElo "1474"]

1.e4 c5 2.c3 Nc6 3.d4 e6 4.Nf3 d5 5.exd5 Qxd5 6.Bb5 Bd7 7.c4 Qe4+ 8.Be3 cxd4
9.Bxc6 Bb4+ 10.Nbd2 Bxc6 11.Kf1 Bxd2 12.Bxd2 Nf6 13.Qe2 Qg4 14.Rg1 O-O
15.Nxd4 Qxd4 16.Bc3 Qf4 17.g4 Ne4 18.Bxg7 Kxg7 19.f3 Rad8 20.Qg2 Rd2 21.Qh3
Rf2+ 0-1

[Event "Automne 2017"]
[Site "Gatineau"]
[Date "2017.11.07"]
[Round "2"]
[White "Gagnon Fabien"]
[Black "Lecorre Joel"]
[Result "1-0"]
[BlackElo "1477"]
[EventDate "2017.11.07"]
[WhiteElo "1861"]

1.d4 Nf6 2.Nf3 d5 3.c4 c6 4.Qc2 g6 5.e3 Bf5 6.Bd3 Bxd3 7.Qxd3 a5 8.O-O Bg7
9.Nc3 e6 10.e4 dxe4 11.Nxe4 Nxe4 12.Qxe4 O-O 13.Bf4 Nd7 14.Rfd1 Nf6 15.Qe2
Re8 16.Ne5 Nh5 17.Be3 Qc7 18.g4 Nf6 19.Bf4 Qd8 20.Qf3 Nd7 21.Nxf7
{ optimiste, mais perdant } 21...Kxf7 22.d5 exd5 23.cxd5 Qf6 ( 23...c5
{ simple et les noirs gagnent } ) 24.dxc6 Qxc6 ( 24...Ne5
{ est gagnant mais complexe } 25.Qb3+ Qe6 { le coup a trouver } ( 25...Kf8
26.Bxe5 Qxe5 27.cxb7 Rab8 28.Rd7 Qf4 29.h3 ) 26.Bxe5 Qxb3 ( 26...Bxe5 27.Rd7+
Re7 28.Rxe7+ Kxe7 29.Qxb7+ ) 27.Rd7+ Re7 28.axb3 ) 25.Qxc6 { mais mieux est }
( 25.Qb3+ Re6 26.Rac1 a4 27.Rxc6 axb3 28.Rxd7+ Kf8 29.Rxe6 bxa2 30.Re1 Bxb2
31.Rxh7 a1=Q 32.Rxa1 Rxa1+ 33.Kg2 ) 25...bxc6 26.Rxd7+ Re7 27.Rxe7+ Kxe7
28.Re1+ Kf7 29.Rc1 Ra6 30.b3 Bd4 31.Rc4 Bb6 32.Kf1 Bd8 33.Ke2 Ke6 34.Kd3 Rb6
35.Re4+ Kd7 36.Bd2 Rb5 37.f4 h6 38.Bc3 Be7 39.Re5 Bd8 40.Rxb5 cxb5 41.Bg7 h5
42.gxh5 gxh5 43.Ke4 Ke6 44.f5+ Kf7 45.Bc3 a4 46.b4 h4 47.h3 Bf6 48.Bxf6 Kxf6
49.a3 Kf7 50.Ke5 Ke7 51.Kd5 Kf6 52.Kc5 1-0

[Event "Automne 2017"]
[Site "Gatineau"]
[Date "2017.11.07"]
[Round "2"]
[White "Ethier Valori"]
[Black "Labrie Dany"]
[Result "1-0"]
[BlackElo "1127"]
[EventDate "2017.11.07"]
[WhiteElo "1373"]

{ A02: Ouverture Bird } 1.f4 d6 2.Nf3 g6 3.b3 ( 3.c3 Bg7 4.d3 c5 5.e4 Nc6
6.Be2 e6 7.Qc2 Nge7 8.Be3 b6 9.Nbd2 Bb7 10.g4 d5 11.Bf2 f5 12.Ng5 Qd7 13.Bf3
Ba6 14.e5 fxg4 15.Bxg4 Nf5 16.Bxf5 gxf5 17.h4 O-O-O
{ Molano Lafuente,I (2082)-Picanol Alamany,A (2288) Barcelona 2009 0-1 (44)
} ) 3...Bg7 4.Nc3 Nc6 ( 4...Nf6 5.Bb2 O-O 6.e3 c5 7.Bd3 Nc6 8.O-O a6 9.Qe2
Nb4 10.Nd1 Nxd3 11.cxd3 b6 12.Nf2 Bb7 13.g4 Qd7 14.g5 Ng4 15.Bxg7 Kxg7 16.Nh1
h6 17.h3 hxg5 18.hxg4 gxf4 19.Qg2
{ Sedivy,A (1920)-Riha,J (1966) Czechia 2013 1/2-1/2 (49) } ) 5.Bb2 $146
{ [#] } ( 5.e3 e6 6.Bb2 e5 7.fxe5 dxe5 8.Bb5 Bd7 9.O-O Nce7 10.Bxd7+ Qxd7
11.Na4 Qd6 12.Qc1 Nc6 13.Ba3 Qd7 14.Nc5 Qc8 15.Bb2 b6 16.Nd3 f6 17.Nf2 Nge7
18.d4 O-O 19.c4 Bh6 { Ruotolo,C (1781)-Sinbaldi,F (1407) Rome 2009 1-0 } )
5...e5 6.fxe5 Nxe5 7.e3 Ne7 8.Be2 c5 9.O-O Bg4 ( 9...O-O $142 $5 $11
{ maintient les Noirs dans la partie. } ) 10.Nxe5 $16 Bxe2 11.Qxe2 Bxe5
12.Qf3 Qd7 $2 ( 12...O-O $142 13.Qxb7 Rc8 $16 ) 13.Qxf7+ $18 Kd8 14.Qc4 a6 $2
( 14...Nf5 $18 ) 15.Rf7 Kc7 ( 15...b5 { en priant la sainte madone. } 16.Qe4
Qc6 $18 ) 16.Nd5+ ( 16.Rxe7 $142 { semble même mieux. } 16...Qxe7 17.Nd5+ Kb8
18.Nxe7 Bxb2 19.Rf1 $18 ) 16...Kc6 17.Nxe7+ Kb6 18.Nd5+ Kc6 19.Rxd7 Kxd7
20.Bxe5 b5 ( 20...Rhf8 { n'améliore vraiment rien. } 21.Nb6+ Ke7 22.Bg7 Rae8
23.Qd5 Rb8 24.Qe4+ Kd8 25.Bxf8 Kc7 26.Bxd6+ Kxb6 27.Bxb8 g5 28.a4 h6 29.a5+
Kb5 30.Qxb7# ) 21.Qg4+ ( 21.Nf6+ Ke7 22.Qd5 Rhd8 23.Rf1 Rd7 24.Nxd7 Rh8
25.Qxd6+ Ke8 26.Bxh8 h6 27.Rf8# ) 21...Kc6 22.Ne7+ Kc7 23.Bxh8 Rxh8 ( 
23...Rf8 { ne rattrape rien. } 24.Rf1 Rxh8 25.Nd5+ Kc6 26.Rf7 Re8 27.Qd7+
Kxd5 28.Qb7+ Ke5 29.e4 Rc8 30.Qd5# ) 24.Rf1 Kb6 ( 24...Re8
{ ne change pas la suite de la partie. } 25.Rf7 Rd8 26.Qe4 c4 27.Qc6+ Kb8
28.Qb6+ Ka8 29.Qxa6+ Kb8 30.Nc6# ) 25.Rf7 ( 25.Qd7 c4 26.Qxd6+ Kb7 27.Qd7+
Ka8 28.Nc6 cxb3 29.Qa7# ) 25...a5 ( 25...Rd8 { ne résout rien. } 26.Nd5+ Ka5
27.Ra7 Ra8 28.Rxa8 b4 29.Qd7 c4 30.Qa4# ) 26.Qd7 ( 26.Nd5+ Kc6 27.e4 Re8
28.Rc7# ) 26...a4 ( 26...c4 { ne mène pas au salut. } 27.Qxd6+ Kb7 28.Ng8+
Ka8 29.Qf8# ) 27.Nd5+ Ka5 28.Qa7# 1-0

[Event "Automne 2017"]
[Site "Gatineau"]
[Date "2017.11.07"]
[Round "2"]
[White "Seguin Hubert"]
[Black "Berthiaume Serge"]
[Result "1/2-1/2"]
[BlackElo "1431"]
[EventDate "2017.11.07"]
[WhiteElo "1610"]

1.e4 c5 2.Nc3 Nc6 3.g3 g6 4.Bg2 Bg7 5.d3 d6 6.f4 Nf6 7.Nf3 Bg4 8.h3 Bxf3
9.Bxf3 Nd4 10.Bg2 Nh5 11.g4 Ng3 12.Rg1 e5 13.g5 Nh5 14.f5 gxf5 15.exf5 Nf4
16.f6 Nxg2+ 17.Rxg2 Bf8 18.Nd5 Qd7 19.Qh5 O-O-O 20.c3 Nc6 21.Rg4 Qe6 22.Ne3
d5 23.Nc2 c4 24.dxc4 d4 25.Re4 Qxc4 26.Qg4+ Kc7 27.Qf3 Qc5 28.Bd2 Qd5 29.cxd4
exd4 30.Qd3 Ne5 31.Bf4 Bd6 32.Bxe5 Bxe5 33.Kd2 Rd6 34.Na3 Qa5+ 35.Ke2 Rd5
36.Rc1+ Kd7 37.Kd1 Qa4+ 38.Qb3 Qxb3+ 39.axb3 d3 40.Nc4 Re8 41.Nxe5+ Rexe5
42.Rxe5 Rxe5 43.h4 b5 44.Kd2 Re4 45.Re1 Rxe1 46.Kxe1 Ke6 47.Kd2 Kf5 48.Kxd3
Kg4 49.Ke4 b4 50.Ke5 Kxh4 51.Kf4 a6 52.Kf5 Kg3 53.g6 hxg6+ 54.Kg5 Kf3 55.Kh6
g5 56.Kg7 g4 57.Kxf7 g3 58.Ke7 g2 59.f7 g1=Q 60.f8=Q+ Ke2 61.Qf4 Qe3+
62.Qxe3+ Kxe3 63.Kd6 Kd2 64.Kc5 a5 65.Kb5 Kc2 66.Kxa5 Kxb3 67.Kb5 1/2-1/2

[Event "Automne 2017"]
[Site "Gatineau"]
[Date "2017.11.07"]
[Round "2"]
[White "Renaud Alexandre"]
[Black "Bourbonnais Luc"]
[Result "0-1"]
[BlackElo "1286"]
[EventDate "2017.11.07"]
[WhiteElo "1138"]

1.d4 Nf6 2.c4 g6 3.e3 Bg7 4.Nf3 d5 5.Nc3 O-O 6.Bd3 dxc4 7.Bxc4 Bf5 8.Qb3 b6
9.Ne5 e6 10.Bb5 a6 11.Nc6 Qd6 12.Nxb8 Rfxb8 13.Be2 e5 14.dxe5 Qxe5 15.Bf3 Ne4
16.Qd5 Re8 17.Bxe4 Bxe4 18.Qxe4 Qa5 19.Qc2 Rad8 20.O-O Re5 21.Rd1 Rde8 22.a3
Rh5 23.b4 Qe5 24.h3 Qxc3 25.Qxc3 Bxc3 26.Ra2 Kf8 27.Rc2 Be5 28.Bb2 Bd6
29.Rcd2 b5 30.Rd5 Rxd5 31.Rxd5 Re4 32.Rd4 Rxd4 33.Bxd4 f5 34.g4 Kf7 35.f4 Ke6
36.Kf2 Kd5 37.gxf5 gxf5 38.Ke2 Bxf4 39.Kd3 Bg5 0-1

[Event "Automne 2017"]
[Site "Gatineau"]
[Date "2017.11.07"]
[Round "2"]
[White "Lepine Louis"]
[Black "Traversy Pierre"]
[Result "0-1"]
[BlackElo "1207"]
[EventDate "2017.11.07"]
[WhiteElo "1042"]

1.d4 d5 2.Nc3 Nf6 3.Bf4 c6 4.e3 Bf5 5.f3 h6 6.Bd3 Bxd3 7.Qxd3 e6 8.O-O-O Nbd7
9.Nge2 b5 10.e4 dxe4 11.Nxe4 Nxe4 ( 11...Be7 12.h4 Nd5 ) 12.fxe4 Be7 13.Nc3
a5 14.a4 ( 14.d5 Bg5 15.Qe3 ) 14...b4 15.Nb1 O-O 16.b3 Rc8 17.c4 c5 18.d5 e5
19.Bg3 Qb6 20.Rhf1 Bf6 21.h4 Rcd8 22.Nd2 Rfe8 23.Nf3 Qd6 24.Bf2 Nf8 25.Rh1
Ng6 26.Qe3 Qe7 27.Rdg1 Kh7 28.g4 Qd6 29.g5 Be7 30.h5 Nf4 31.g6+ fxg6 32.hxg6+
Nxg6 33.Nh4 Nxh4 34.Bxh4 Bxh4 35.Rxh4 Re7 ( 35...Rf8 36.Rhg4 Rf7 ) 36.Qg3 Qf6
37.Qg4 Rf8 38.Rh5 Qf4+ 39.Qxf4 Rxf4 40.d6 Rd7 41.Rxe5 Rxd6 42.Re7 Rg6 43.Rxg6
Kxg6 44.e5 Rf5 45.e6 Kf6 46.Re8 Re5 47.Ra8 Rxe6 48.Rxa5 Rc6 49.Rb5 Ke5 50.a5
Kd4 ( 50...Kd6 51.Kd2 g5 52.Ke3 ) ( 50...Kd6 ) 51.Rb6 Rc7 52.a6 Ra7 53.Rb7
Rxa6 54.Rxg7 Rc6 55.Rd7+ Ke5 56.Rd5+ Kf6 57.Kd2 Ke6 58.Kd3 Rd6 59.Rxd6+ Kxd6
60.Ke3 Ke5 61.Kf3 Kd4 62.Kg4 Kc3 63.Kh5 Kxb3 64.Kxh6 Kxc4 0-1

[Event "Automne 2017"]
[Site "Gatineau"]
[Date "2017.11.07"]
[Round "2"]
[White "Arcand Pierre"]
[Black "Legare Gilles"]
[Result "1-0"]
[BlackElo "1098"]
[EventDate "2017.11.07"]
[WhiteElo "1257"]

1.e4 c5 2.Nf3 Nc6 3.Bc4 e6 4.O-O d6 5.d4 Bd7 6.d5 Ne5 7.Nxe5 dxe5 8.dxe6 Bxe6
9.Bb5+ Ke7 10.Nc3 Nf6 11.Be3 b6 12.Qd2 Qc7 13.Rad1 Rd8 14.Qe2 Bd7 15.Rd2 Ke8
16.Rfd1 Be7 17.Bg5 Kf8 18.Bxf6 Bxf6 19.Rxd7 Qb8 20.Rxd8+ Bxd8 21.Rd7 g6
22.Qf3 f6 23.Qd3 Be7 24.Nd5 Bd6 25.Nxf6 Be7 26.Nd5 Bd6 27.Qf3+ 1-0

[Event "Automne 2017"]
[Site "Gatineau"]
[Date "2017.10.31"]
[Round "1"]
[White "Guimond Michel"]
[Black "Seguin Hubert"]
[Result "1-0"]
[BlackElo "1610"]
[EventDate "2017.10.31"]
[WhiteElo "1897"]

1.e4 c5 2.Nf3 d6 3.d4 cxd4 4.Nxd4 Nf6 5.Nc3 Nc6 6.Bc4 g6 7.f3 Bg7 8.Be3 O-O
9.Qd2 Bd7 10.O-O-O a6 11.Bh6 b5 12.Bxg7 Kxg7 13.Nxc6 Bxc6 14.Bd5 Rc8 15.g4 b4
16.Ne2 Qa5 17.Bb3 Ba4 18.Kb1 Bb5 19.Ng3 Bc4 20.g5 Nd7 21.Qd4+ e5 22.Qxd6 Bxb3
23.axb3 Rfd8 24.Rd5 Rc5 25.Rhd1 Qc7 26.Rxc5 1-0

[Event "Automne 2017"]
[Site "Gatineau"]
[Date "2017.10.31"]
[Round "1"]
[White "Lemieux Richard"]
[Black "Gagnon Fabien"]
[Result "1-0"]
[BlackElo "1861"]
[EventDate "2017.10.31"]
[WhiteElo "1553"]

1.e4 c5 2.Nf3 Nc6 3.d4 cxd4 4.Nxd4 Nf6 5.Nc3 e5 6.Nxc6 bxc6 7.a3 d5 8.exd5
cxd5 9.Bb5+ Bd7 10.Qe2 Bd6 11.Bg5 d4 12.Bxd7+ Qxd7 13.Ne4 Be7 ( 13...Nxe4
14.Qxe4 O-O 15.O-O Rab8 { et les Noirs sont mieux. } ) 14.Qf3 O-O-O 15.Nxf6
gxf6 16.Bxf6 Bxf6 17.Qxf6 Qd5 18.Qf5+ Rd7 19.O-O-O Re8 20.Kb1 h6 21.Rhe1 Re6
22.c3 d3 23.f3 f6 24.Rd2 Red6 25.Re4 Qe6 26.Qxe6 Rxe6 27.Re3 Red6 28.c4 a5
29.b3 Rd4 30.Kb2 a4 31.b4 Rxc4 32.Rexd3 Rdc7 33.Rd8+ Kb7 34.R8d7 Rxd7
35.Rxd7+ Kc6 36.Rf7 Rf4 37.Kc3 h5 38.Rf8 h4 39.h3 Kb5 40.Rb8+ Kc6 41.Kd3 Rd4+
42.Kc3 Rf4 43.Rc8+ Kb5 44.Rc5+ Kb6 45.Rc4 Rxc4+ 46.Kxc4 Kc6 47.f4 Kd6 48.f5
Kc6 49.Kd3 Kb5 50.Ke3 Kc6 51.g3 1-0

[Event "Automne 2017"]
[Site "Gatineau"]
[Date "2017.10.31"]
[Round "1"]
[White "Bastien André"]
[Black "Iyamuremye Gervais"]
[Result "1-0"]
[BlackElo "1484"]
[EventDate "2017.10.31"]
[WhiteElo "1802"]

1.d4 Nf6 2.Nf3 d5 3.e3 Bg4 4.Bd3 e6 5.c3 h6 6.Nbd2 a6 7.O-O c5 8.Re1 Nc6 9.e4
cxd4 10.exd5 Qxd5 11.Ne4 Be7 12.Nxf6+ Bxf6 13.Be4 Qd7 14.Qa4 Bxf3 15.Bxf3
dxc3 16.Rd1 Qc7 17.bxc3 Bxc3 18.Rb1 O-O 19.Qb3 Na5 20.Qa4 Rad8 21.Rxd8 Rxd8
22.Be3 b5 23.Qg4 Qc4 24.Qg3 Qxa2 25.Rc1 Bd2 26.Rd1 g5 $4
{ Dommage pour les Noirs qui avaient une partie gagnante ! } ( 26...Nc4 $19 )
27.Qc7 Rd3 28.Bh5 e5 29.Qxe5 $2 $10 ( 29.Bxd2 $18 ) 29...Qd5 $2 ( 29...Bxe3
$10 30.Qe8+ Kg7 31.Qe5+ Kf8 32.Qb8+ Ke7 33.Qe5+ ) 30.Qxd5 Rxd5 31.Bxd2 Nc4
32.Bc3 Rxd1+ 33.Bxd1 a5 34.Be2 b4 35.Bxb4 axb4 36.Bxc4 Kg7 37.Kf1 Kf6 38.Ke2
1-0

[Event "Automne 2017"]
[Site "Gatineau"]
[Date "2017.10.31"]
[Round "1"]
[White "Lecorre Joel"]
[Black "Jobin Gilles G."]
[Result "0-1"]
[BlackElo "1792"]
[EventDate "2017.10.31"]
[WhiteElo "1477"]

1.e4 d6 2.d4 Nf6 3.Bd3 e5 4.d5 Be7 5.h3 Nbd7 6.c4 Nc5 7.Nc3 Bd7 8.Bc2 c6
9.Nge2 O-O 10.Be3 Na6 11.Ng3 Qc8 12.O-O Nc7 13.Kh2 b5 $4 14.cxb5 $2 ( 
14.dxc6 $1 $16 Bxc6 15.Nf5 ) 14...cxd5 15.exd5 Nxb5 16.Nge4 $2 Nxc3 17.Nxf6+
Bxf6 18.Qd3 $2 $19 e4 19.Qd2 Be5+ 20.Kg1 Nxd5 21.Bb3 Nxe3 22.Qxe3 Be6 23.Rac1
Qb7 0-1

[Event "Automne 2017"]
[Site "Gatineau"]
[Date "2017.10.31"]
[Round "1"]
[White "Labrie Dany"]
[Black "Masse-Garneau Anthony"]
[Result "1-0"]
[BlackElo "1440"]
[EventDate "2017.10.31"]
[WhiteElo "1127"]

1.e4 e5 2.Nf3 Nc6 3.Bc4 Bc5 4.O-O d6 5.h3 Nf6 6.Nc3 a6 7.Ne2 Nxe4 8.d4 exd4
9.Nexd4 Nxd4 10.Nxd4 O-O 11.c3 Qf6 12.Be3 b5 13.Bd5 Bxh3 14.Bxe4 Rae8 15.Qd3
Qh4 16.Nf5 Qxe4 17.Qxe4 Rxe4 18.gxh3 Re5 19.b4 Rxf5 20.bxc5 d5 21.a4 c6
22.axb5 axb5 23.Ra6 Rf6 24.Rfa1 h6 25.Ra8 Rxa8 26.Rxa8+ Kh7 27.h4 Re6 28.Kg2
g5 29.hxg5 hxg5 30.Bxg5 Rg6 31.f4 f6 32.Ra7+ Rg7 33.Ra6 fxg5 34.Rxc6 gxf4+
35.Kf3 Rg3+ 36.Kxf4 Rxc3 37.Ke5 Rc1 $4 ( 37...Kg7 ) 38.Kxd5 $18 Rd1+ 39.Ke6
Rc1 40.Kd6 b4 41.Rb6 Rd1+ 42.Kc6 Rd4 43.Kc7 Rg4 44.c6 Rc4 45.Kb7 Kg6 46.c7+
Kf5 47.c8=Q+ Rxc8 48.Kxc8 Ke4 49.Rxb4+
{ et les Blancs ont fait mat au 73e coup. } 1-0

[Event "Automne 2017"]
[Site "Gatineau"]
[Date "2017.10.31"]
[Round "1"]
[White "Berthiaume Serge"]
[Black "Legare Gilles"]
[Result "1-0"]
[BlackElo "1098"]
[EventDate "2017.10.31"]
[WhiteElo "1431"]

1.e4 c5 2.Nf3 Nc6 3.Bc4 e6 4.O-O Be7 5.d4 Nf6 6.d5 Na5 7.d6 Nxc4 8.dxe7 Qxe7
9.e5 Ng4 10.Re1 O-O 11.h3 Nh6 12.Qd3 Nb6 13.Bxh6 gxh6 14.Nbd2 Nd5 15.Re4 f5
16.exf6 Nxf6 17.Re2 Kh8 18.Ne4 Nh5 19.Qc3+ Qg7 20.Qxg7+ Nxg7 21.Nd6 b6 22.Ne5
Kg8 23.g4 Ne8 24.Nxc8 Rxc8 25.Nxd7 Rf7 26.Ne5 Rg7 27.Rd1 Nf6 28.Red2 Nd5
29.c4 Rg5 30.Nf3 Rg7 31.cxd5 h5 32.Ne5 Rg5 33.f4 Rg7 34.dxe6 Kh8 35.Nf7+ Kg8
36.Rd8+ 1-0